Kursus induksi modul khusus kumpulan II & III( gred 17 dan gred 11 ) - Pengenalan kepada organisasi : 20 - 22 April 2015

Bibliographic Details
Corporate Authors: Kursus induksi modul khusus kumpulan II & III ( gred 17 dan gred 11), INSPEN ( Institut Penilaian Negara )
Format: Book
Language:Malay
Published: Bangi : Institut Penilaian Negara , 2015
Subjects:

MARC

LEADER 00000cam a2200000 7i4500
001 0000026895
005 20160516.0
008 160516 my a f may
040 |a INS 
090 0 0 |a J172 
110 1 |a Kursus induksi modul khusus kumpulan II & III ( gred 17 dan gred 11) ,   |d 2015 20 - 22 April   |c INSPEN, Bangi 
245 0 0 |a Kursus induksi modul khusus kumpulan II & III( gred 17 dan gred 11 ) - Pengenalan kepada organisasi :   |b 20 - 22 April 2015   |c Anjuran Pusat Penilaian dan Perkhidmatan Harta, INSPEN 
260 |a Bangi :   |b Institut Penilaian Negara ,   |c 2015 
300 |a 1v. ( Mukasurat pelbagai ) :   |b ill. ;   |c 30 cm. 
650 0 0 |a Civil services   |x Officers and employees   |x Training of 
650 0 0 |a Employees   |z Malaysia   |x Training of 
710 1 |a INSPEN ( Institut Penilaian Negara ) 
999 |a J000000441   |b BOOK   |c Course Notes   |e Default branch 
999 |a J000000442   |b BOOK   |c Course Notes   |e Default branch 
999 |a J000000443   |b BOOK   |c Course Notes   |e Default branch